[Event "UZB-ch Men 2018"]
[Site "Tashkent"]
[Date "2018.05.14"]
[Round "12"]
[White "Khoroshev, Nikita"]
[Black "Fayzullaev, Akmal"]
[Result "1-0"]
[WhiteElo "2340"]
[BlackElo "2382"]
[Annotator "TA"]
[PlyCount "63"]
[EventDate "2018.05.13"]
[EventType "tourn"]
[EventCountry "UZB"]
[SourceTitle "playchess.com"]
[Source "ChessBase"]
[SourceQuality "1"]

{[%evp 16,63,33,15,20,33,29,34,37,3,54,46,54,49,52,58,56,36,96,81,113,105,110,116,106,105,116,118,118,115,109,120,110,103,175,181,166,118,352,345,345,338,335,332,492,491,482,476,523,512]} 1. d4 Nf6 2. c4 g6 3. Nc3 Bg7 4. e4 d6 5. Be2 O-O 6. Bg5 Na6 7. Qd2 c6 8. Nf3 {E73: King's Indian: Averbakh Variation without 6...c5} (8. Rd1 Nc7 9. Bf3 Be6 10. b3 Qc8 11. h3 b5 12. cxb5 cxb5 13. Nge2 b4 14. Na4 Rb8 15. Rc1 Qd8 {½-½ (49) Le,Q (2726)-Naiditsch,A (2712) Danzhou 2017}) 8... Nc7 9. d5 {LiveBook: 5 Games} cxd5 10. exd5 {The position is equal.} b5 11. cxb5 Bb7 {[%cal Rc7d5]} 12. Bc4 e6 (12... a6 $11) 13. O-O $1 $14 exd5 14. Bb3 $36 {[%mdl 2048] White has some pressure.} Qd7 15. Bxf6 Bxf6 16. a4 $146 {[%cal Rc3d5]} Qf5 (16... d4 $1 $14 17. Nxd4 Bxg2 18. Kxg2 Qg4+ 19. Kh1 Bxd4) 17. Rad1 $16 Rfe8 18. Nxd5 Bxd5 19. Bxd5 Nxd5 20. Qxd5 Qxd5 21. Rxd5 Bxb2 22. Rxd6 Rad8 23. Rxd8 Rxd8 {[%mdl 4096] Endgame KRB-KRN} 24. Rb1 f5 (24... Bc3 $16) 25. Kf1 $18 Bf6 26. a5 {[%cal Ba4a5,Ba5a6,Ba6a7][%mdl 32]} Rb8 $2 {[#]} (26... Kf7 $16 {is a better defense.} 27. b6 axb6) 27. b6 axb6 28. Rxb6 Rf8 29. a6 Be7 (29... Kf7 $142 30. a7 Ra8 31. Rb7+ Ke6) 30. a7 {White is clearly winning.} Bc5 31. Rb7 h6 32. Ne5 {Precision: White = 73%, Black = 43%.} 1-0

[Event "UZB-ch Men 2018"]
[Site "Tashkent"]
[Date "2018.05.14"]
[Round "12"]
[White "Abdisalimov, Abdimalik"]
[Black "Dzhumaev, Marat"]
[Result "*"]
[WhiteElo "2317"]
[BlackElo "2451"]
[Annotator "TA"]
[PlyCount "63"]
[EventDate "2018.05.13"]
[EventType "tourn"]
[EventCountry "UZB"]
[SourceTitle "playchess.com"]
[Source "ChessBase"]
[SourceQuality "1"]

{[%evp 14,63,43,28,40,30,39,25,50,20,23,21,47,31,44,42,78,71,65,57,64,64,75,87,90,85,90,96,92,79,85,33,39,33,44,37,32,30,35,22,71,55,83,21,32,33,195,191,187,191,214,195]} 1. c4 Nf6 2. Nc3 g6 3. g3 Bg7 4. Bg2 O-O 5. d4 {[%cal Bd2d4,Bd4d5][%mdl 32]} d6 6. Nf3 c6 7. O-O a6 8. d5 {LiveBook: 35 Games} Bg4 {E62: King's Indian: Fianchetto: 6...c6 and Panno Variation (6...Nc6) without ...a6} (8... cxd5 9. cxd5 Qa5 10. Nd4 Bd7 11. Nb3 Qc7 12. Be3 Rc8 13. Rc1 Qd8 14. h3 Be8 15. Nd4 Nbd7 16. Qd2 Ne5 17. b3 Qa5 18. Nb1 Qd8 19. Nc3 Qa5 20. Nb1 Qd8 21. Nc3 {½-½ (21) Lipka,J (2411)-Stanec,N (2457) Austria 2016}) 9. Nd4 Qc8 $146 ({Predecessor:} 9... Bd7 10. a4 a5 11. h3 Qb6 12. Be3 Qb4 13. Rc1 cxd5 14. cxd5 Qxb2 15. Rc2 Qb4 16. Qd2 {1-0 (42) Cooper,J (2315)-Littlewood,J (2350) Ayr (Scotland) 1978}) 10. Na4 {[#] aiming for Nb6.} Qc7 {White has an edge.} 11. dxc6 (11. h3 $5 {[%cal Rh3g4]} Bd7 12. Nc3 $11) 11... Nxc6 12. Be3 e5 13. Nb3 Rae8 14. Rc1 e4 15. Nc3 Qd7 16. Bf4 Rd8 17. Bg5 Qf5 18. Qd2 {[#] Strongly threatening f3.} Bh3 19. Bxh3 Qxh3 20. Bxf6 $1 Bxf6 21. Nxe4 Bg7 22. Ng5 (22. Nc3 $16) 22... Qh5 23. h4 Ne5 24. Nd4 d5 25. c5 Nc4 26. Qc3 Rfe8 27. b3 $36 {[%mdl 2048] White fights for an advantage.} Ne5 28. Ngf3 (28. Kg2 $16) 28... Nxf3+ $11 29. exf3 {[%cal Be2f3,Bf3f4][%mdl 32]} f5 $2 (29... Bxd4 $1 $14 30. Qxd4 Qxf3) 30. f4 $18 {White is clearly better.} Re4 31. Rcd1 Qg4 {and if ...Rxf4 works, Black does fine.} 32. Kg2 {Precision: White = 58%, Black = 43%.} *

[Event "UZB-ch Men 2018"]
[Site "Tashkent"]
[Date "2018.05.14"]
[Round "12"]
[White "Jumanov, Elbek"]
[Black "Saydaliev, Saidakbar"]
[Result "0-1"]
[WhiteElo "2283"]
[BlackElo "2361"]
[Annotator "TA"]
[PlyCount "50"]
[EventDate "2018.05.13"]
[EventType "tourn"]
[EventCountry "UZB"]
[SourceTitle "playchess.com"]
[Source "ChessBase"]
[SourceQuality "1"]

{[%evp 26,50,-6,-18,-13,-16,-10,-33,-33,-59,-60,-79,-76,-114,-115,-110,-122,-357,-367,-373,-368,-376,-372,-2101,-1646,-1937,-1583]} 1. c4 c5 2. Nf3 Nc6 3. Nc3 g6 4. g3 Bg7 5. Bg2 e6 6. d4 cxd4 7. Nb5 d5 8. Nfxd4 Nxd4 9. Nxd4 Ne7 {[%cal Bg8e7,Be7d5,Bd5b6,Bb6c4][%mdl 32]} 10. O-O O-O 11. cxd5 Nxd5 12. e4 {A37: Symmetrical English vs ...g6: 4 Bg2 Bg7 5 Nf3} Nb6 13. Nb5 (13. Nb3 Bd7 14. e5 Bxe5 15. Bxb7 Rb8 16. Bg2 {½-½ (49) Dzagnidze,N (2522)-Muzychuk,M (2544) Huaian 2017}) 13... Bd7 14. Qe2 {LiveBook: 3 Games. The position is equal.} Qe7 15. Rd1 Rfd8 16. Be3 $146 ({Predecessor:} 16. Bf4 e5 17. Be3 Bxb5 18. Qxb5 Rxd1+ 19. Rxd1 Rd8 {1-0 (29) Cruz,F (2404)-Ventura Bolet,M (2229) Sant Boi 2016}) 16... Qb4 17. Nc3 Nc4 18. Rab1 Bc6 19. Rxd8+ Rxd8 20. Bg5 {[#] aiming for a3.} Rd7 21. Nd1 $2 (21. e5 $17 {was called for.}) 21... h6 $19 22. Bf4 g5 23. Be3 Bb5 24. Qf3 $2 {[#]} (24. Bf1 Na3 25. bxa3 Qxb1 26. Qxb5 Qxb5 27. Bxb5 Rxd1+ 28. Kg2) 24... Qe1+ 25. Bf1 Ne5 {Precision: White = 30%, Black = 78%.} 0-1

[Event "UZB-ch Men 2018"]
[Site "Tashkent"]
[Date "2018.05.15"]
[Round "13"]
[White "Iuldachev, Saidali"]
[Black "Jumanov, Elbek"]
[Result "*"]
[WhiteElo "2469"]
[BlackElo "2283"]
[Annotator "TA"]
[PlyCount "126"]
[EventDate "2018.05.13"]
[EventType "tourn"]
[EventCountry "UZB"]
[SourceTitle "playchess.com"]
[Source "ChessBase"]
[SourceQuality "1"]

{[%evp 19,126,50,122,45,58,8,13,0,4,10,19,0,18,21,26,0,8,8,79,64,120,136,134,109,110,116,147,160,152,89,150,151,161,173,206,190,188,172,200,199,201,204,234,220,257,228,247,189,187,194,256,158,169,177,162,143,182,102,93,85,82,0,0,0,0,0,103,0,0,0,0,0,0,-154,-150,-494,-28,-211,-209,-175,-19,-19,-19,-19,-11,-11,-11,-11,-11,-11,-11,-11,-11,-11,-11,-11,-11,-11,-11,-11,-11,-11,-11,-11,-11,-11,-11,-11,-11]} 1. e4 c5 2. Nc3 e6 3. Nf3 a6 4. d4 cxd4 5. Nxd4 b5 6. Be2 Bb7 7. Bf3 Qc7 8. O-O d6 9. Re1 Be7 {B43: Sicilian: Kan Variation: 5 Nc3} (9... Nd7 10. g3 Ngf6 11. Bg2 Be7 12. a3 O-O 13. g4 Nb6 14. g5 Nfd7 15. f4 Rfe8 16. f5 Bf8 17. fxe6 fxe6 {1-0 (36) Onischuk,V (2612)-Hou,Y (2671) Bastia 2015}) 10. a4 bxa4 {LiveBook: 5 Games} (10... b4 $14 11. Na2 Nd7) 11. Bg4 (11. Nxa4 $6 Nf6 $11) (11. Rxa4 $16 Nf6 12. Qe2) 11... Nc6 $146 {White is slightly better.} ({Predecessor:} 11... Bc8 12. Bf4 Nf6 13. e5 Nxg4 14. exd6 Bxd6 15. Nxe6 Bxe6 16. Bxd6 Qb6 17. Ne4 {1-0 (47) Kulaots,K (2556)-Kveinys,A (2522) Tallinn 2015}) 12. Rxa4 (12. Nxe6 $5 fxe6 13. Bxe6 $11) 12... Nxd4 13. Qxd4 Nf6 14. Bf3 O-O 15. Rc4 Qd8 16. Bg5 Rc8 17. Rb4 Ba8 18. Ra4 $36 {[%mdl 2048] White is pushing.} Bb7 (18... d5 $11) 19. e5 $1 $16 {[%cal Re5f6]} Bxf3 ({Black should play} 19... Nd5 $1 $14 20. Bxe7 (20. Nxd5 Bxg5 21. Nb6 Rb8 $14) 20... Qxe7) 20. exf6 gxf6 21. Bh6 {Qg4+! would kill now.} Bh5 {...Re8 would now be nice for Black.} 22. Bxf8 (22. Rxa6 $6 Re8 $11) 22... Qxf8 23. Ne4 Qd8 24. Rxa6 (24. c3 $142) 24... d5 (24... Rxc2 $142 25. Qd3 (25. Nxd6 Be2 $16) 25... Rxb2) 25. Ng3 Bg6 26. c3 Bc5 27. Qh4 Be7 28. Rea1 f5 29. Qa4 Kg7 30. Ne2 Rc4 31. Qb5 f4 32. Ra8 Qd6 33. Qb8 Qxb8 34. Rxb8 e5 (34... Bd3 {might work better.}) 35. Rd1 Ra4 36. h3 Ra5 37. Rb7 Kf6 38. f3 (38. Nc1 $18) 38... Bc5+ 39. Kh2 {Black must now prevent b4.} Be3 40. g4 (40. g3 $1 $16) 40... Bc2 $11 41. Re1 Bd3 42. Kg2 Ra4 {[#]} (42... Ba6 $11 {keeps the balance.} 43. Rb3 Bd2) 43. Nc1 (43. Ng3 $1 $16) 43... Ba6 44. Rc7 e4 45. Rc6+ Kg7 46. fxe4 $2 ({White should try} 46. Rd6 $11) 46... dxe4 $17 47. Nb3 $2 (47. Rxe3 $17 {is more resistant.} fxe3 48. Nb3) 47... Ra2 $2 (47... f3+ $19 48. Kg3 f2) 48. Rxe3 $2 (48. Rxa6 $1 $11 {and White has nothing to worry.} Rxa6 49. Nd4) 48... Rxb2+ $19 ({Resist} 48... fxe3 49. c4 $17) 49. Kg1 {[#]} fxe3 $2 (49... Rb1+ $1 $19 50. Kh2 Bb7) 50. Rxa6 $11 {Hoping for Nd4.The position is equal.} Rxb3 $19 {[%mdl 4096] Endgame KR-KR} 51. Kf1 Rxc3 {Threatens to win with ...e2+!} 52. Ke2 Rc2+ 53. Kxe3 Rh2 54. Kxe4 Rxh3 55. Kf4 Rb3 56. g5 Rb4+ 57. Kf5 Rb5+ 58. Kf4 Rb1 59. Kf5 Rf1+ 60. Kg4 Re1 61. Kf5 Re2 62. Rb6 Rh2 63. Ra6 Rb2 {Precision: White = 56%, Black = 52%.} *

[Event "UZB-ch Men 2018"]
[Site "Tashkent"]
[Date "2018.05.15"]
[Round "13"]
[White "Dzhumaev, Marat"]
[Black "Vokhidov, Shamsiddin"]
[Result "1-0"]
[WhiteElo "2451"]
[BlackElo "2414"]
[Annotator "TA"]
[PlyCount "105"]
[EventDate "2018.05.13"]
[EventType "tourn"]
[EventCountry "UZB"]
[SourceTitle "playchess.com"]
[Source "ChessBase"]
[SourceQuality "1"]

{[%evp 12,105,0,-2,0,0,0,5,12,10,16,0,4,0,0,0,0,0,8,11,20,10,47,53,343,70,69,72,71,75,69,66,68,66,64,65,79,79,79,79,80,62,87,78,83,78,80,73,67,75,87,80,87,72,89,79,86,79,86,81,74,67,67,66,66,54,98,80,90,70,158,158,157,164,165,151,160,146,144,133,202,143,204,197,298,277,296,275,300,295,358,333,358,349,333,322]} 1. e4 e5 2. Nf3 Nc6 3. Bb5 Nf6 4. O-O Nxe4 5. d4 Nd6 6. dxe5 Nxb5 7. a4 {[#]} Nbd4 $1 {[%mdl 512] C67: Ruy Lopez: Berlin Defence: 4 0-0 Nxe4} 8. Nxd4 d6 9. exd6 Bxd6 {Threatens to win with ...Nxd4.The position is equal.} 10. Re1+ Be7 11. Bg5 {Black should prevent Ra3.} f6 12. Be3 Nxd4 13. Bxd4 O-O $1 14. Qd3 {[#]} Re8 $146 ({Predecessor:} 14... Rf7 15. Qc4 {½-½ (26) Grandelius,N (2653)-Adams,M (2738) Douglas 2017}) 15. Nc3 Bd6 16. Qc4+ Kf8 17. Nb5 $36 {[%mdl 2048] [#] aiming for Rxe8+. White is pushing.} a6 $2 {[%mdl 8192]} (17... Bd7 $14) 18. Nxd6 $2 ({Only move:} 18. Rxe8+ $18 Qxe8 19. Nxc7) 18... cxd6 $14 19. Qd5 Bd7 20. Qxd6+ Kg8 21. Qd5+ Kh8 $1 22. Qxb7 Bxa4 23. c3 Qd7 24. Qxd7 Bxd7 25. Red1 Be6 26. Be3 Red8 27. Rdc1 Rdc8 28. Ra4 Bc4 29. Bf4 Ra7 30. Re1 g5 31. Be3 Rb7 32. b4 Kg7 33. Bd4 Kf7 34. Ra5 Bb5 35. Raa1 Re7 36. Red1 Re2 37. Rac1 Rce8 38. Be3 Rc8 39. h3 h5 40. Rd6 g4 ({Black should try} 40... h4 $14) 41. hxg4 $16 hxg4 42. Kh2 Rc6 43. Rd7+ Ke6 44. Rg7 f5 45. Kg3 Ra2 (45... Bd3 $16 {was necessary.} 46. Bd4 Kd5) 46. Bd4 Kd5 (46... Bd3 $16 {was worth a try.} 47. Rd1 Bc2 48. Re1+ Kd5) 47. Rd7+ $18 Ke6 (47... Kc4 $142 48. Rf7 Rd2 49. Rxf5 Kb3) 48. Rd8 {Strongly threatening Re1+.} Ke7 49. Rd5 Re2 50. Rxf5 Re4 {Black wants to play ...Rxd4.} 51. Rh1 Rce6 52. Rd5 Kf7 53. Rh7+ {Precision: White = 67%, Black = 49%.} 1-0

[Event "UZB-ch Men 2018"]
[Site "Tashkent"]
[Date "2018.05.15"]
[Round "13"]
[White "Sindarov, Javokhir"]
[Black "Barsov, Alexei"]
[Result "1/2-1/2"]
[WhiteElo "2430"]
[BlackElo "2411"]
[Annotator "TA"]
[PlyCount "26"]
[EventDate "2018.05.13"]
[EventType "tourn"]
[EventCountry "UZB"]
[SourceTitle "playchess.com"]
[Source "ChessBase"]
[SourceQuality "1"]

{[%evp 14,17,14,19,63,53]} 1. e4 e6 2. d4 d5 3. Nc3 Bb4 4. e5 c5 5. Bd2 Nh6 6. a3 {C17: French: 3 Nc3 Bb4 4 e5 c5 sidelines} Bxc3 7. Bxc3 b6 (7... cxd4 8. Qxd4 O-O 9. Nf3 b6 10. O-O-O Ba6 11. Bxa6 Nxa6 12. g4 Rc8 13. h3 Nc5 {1-0 (26) Bartel,M (2622)-Nikolic,P (2603) Berlin 2015}) 8. Bb5+ {LiveBook: 4 Games} Kf8 9. dxc5 {Predecessor:} bxc5 $146 10. Bd3 Ba6 11. Nf3 Bxd3 12. cxd3 Nf5 13. Rc1 Nd7 {1-0 (51) Ibarra Jerez,J (2496)-Serna Lara,S (2247) La Massana 2008} 1/2-1/2

[Event "UZB-ch Men 2018"]
[Site "Tashkent"]
[Date "2018.05.15"]
[Round "13"]
[White "Fayzullaev, Akmal"]
[Black "Abdisalimov, Abdimalik"]
[Result "1-0"]
[WhiteElo "2382"]
[BlackElo "2317"]
[Annotator "ChessBase"]
[PlyCount "121"]
[EventDate "2018.05.13"]
[EventType "tourn"]
[EventCountry "UZB"]
[SourceTitle "playchess.com"]
[Source "ChessBase"]
[SourceQuality "1"]
[TimeControl "5400+30"]

1. e4 c5 2. c3 Nf6 3. e5 Nd5 4. d4 Nc6 5. Nf3 cxd4 6. cxd4 d6 7. Bc4 Nb6 8. Bb5 d5 9. h3 Bf5 10. Nc3 e6 11. O-O Rc8 12. Bg5 Qd7 13. Na4 Nxa4 14. Bxa4 h6 15. Bh4 g5 16. Bg3 Be7 17. Rc1 a6 18. a3 Be4 19. Bxc6 Rxc6 20. Nd2 Bg6 21. f4 Qc7 22. Rxc6 Qxc6 23. fxg5 hxg5 24. Bf2 Qb5 25. Qb3 Qxb3 26. Nxb3 b6 27. Rc1 Kd7 28. Be3 g4 29. hxg4 Rh4 30. g5 Rg4 31. Nd2 Rxg5 32. Bxg5 Bxg5 33. Rd1 Be3+ 34. Kh1 Bxd4 35. Nc4 Bf2 36. Rd2 Bc5 37. b4 b5 38. Nb2 Be3 39. Rd1 Bc2 40. Rf1 Ke7 41. Rf3 d4 42. Rxe3 dxe3 43. Kg1 Kd7 44. Kf1 Kc6 45. Ke2 Kd5 46. Kxe3 Kxe5 47. g3 Kf5 48. Kd2 Bb1 49. a4 Kg4 50. axb5 axb5 51. Nd1 Ba2 52. Ke3 Kxg3 53. Nc3 f5 54. Nxa2 f4+ 55. Kd4 f3 56. Nc3 f2 57. Ne4+ Kf3 58. Ke5 Ke3 59. Nxf2 Kd2 60. Ne4+ Kd3 61. Nc5+ {Ke4+ Kxe4} 1-0

[Event "UZB-ch Men 2018"]
[Site "Tashkent"]
[Date "2018.05.15"]
[Round "13"]
[White "Saydaliev, Saidakbar"]
[Black "Vahidov, Tair"]
[Result "1/2-1/2"]
[WhiteElo "2361"]
[BlackElo "2400"]
[Annotator "TA"]
[PlyCount "60"]
[EventDate "2018.05.13"]
[EventType "tourn"]
[EventCountry "UZB"]
[SourceTitle "playchess.com"]
[Source "ChessBase"]
[SourceQuality "1"]

{[%evp 20,60,62,64,78,72,96,66,80,51,79,74,90,93,95,79,129,137,118,80,81,89,102,105,107,101,109,109,107,101,102,96,102,79,117,78,70,46,48,0,0,0,0]} 1. d4 Nf6 2. Nf3 g6 3. g3 Bg7 4. Bg2 O-O 5. c4 d6 6. Nc3 c6 7. O-O Bf5 8. Ng5 {E62: King's Indian: Fianchetto: 6...c6 and Panno Variation (6...Nc6) without ...a6} (8. Ne1 Be6 9. d5 cxd5 10. cxd5 Bd7 11. Be3 a5 12. Bd4 Na6 13. Nd3 b5 14. a3 b4 15. axb4 Nxb4 16. Qd2 Rb8 17. Nxb4 Rxb4 {0-1 (57) Ding,L (2774)-Carlsen,M (2837) Saint Louis 2017}) 8... h6 9. e4 Bg4 10. f3 Bc8 11. Nh3 {LiveBook: 3 Games} e5 12. Be3 $146 ({Predecessor:} 12. d5 cxd5 13. cxd5 Qb6+ 14. Nf2 Nh5 15. Qe2 f5 16. exf5 gxf5 {1-0 (30) Ghosh,D (2552)-Ramnath,B (2392) Ho Chi Minh City 2016}) 12... Qb6 13. Na4 Qa6 14. b3 b5 15. dxe5 dxe5 16. Nc5 Qa5 17. Qc1 Kh7 18. Nf2 Na6 19. Rd1 Nxc5 20. Bxc5 {Threatens to win with cxb5.} Re8 21. Bf1 bxc4 22. Qxc4 Be6 23. Qc2 Nd7 24. Be3 Rac8 25. Rac1 Bf8 26. Bc4 {[#] Bxe6 is the strong threat.} Nc5 27. Bxe6 Nxe6 28. Ng4 {Strongly threatening Nf6+.} Red8 29. a4 h5 30. Nf2 Bh6 {Precision: White = 53%, Black = 69%.} 1/2-1/2

[Event "UZB-ch Men 2018"]
[Site "Tashkent"]
[Date "2018.05.15"]
[Round "13"]
[White "Tillyaev, Ulugbek"]
[Black "Khoroshev, Nikita"]
[Result "0-1"]
[WhiteElo "2292"]
[BlackElo "2340"]
[Annotator "ChessBase"]
[PlyCount "73"]
[EventDate "2018.05.13"]
[EventType "tourn"]
[EventCountry "UZB"]
[SourceTitle "playchess.com"]
[Source "ChessBase"]
[SourceQuality "1"]
[TimeControl "5400+30"]

1. e4 e5 2. Nf3 Nc6 3. c3 Nf6 4. d4 Nxe4 5. d5 Bc5 6. dxc6 Bxf2+ 7. Ke2 Bb6 8. Qd5 Nf2 9. Rg1 O-O 10. Bg5 bxc6 11. Bxd8 cxd5 12. Bh4 Ba6+ 13. Ke1 Bxf1 14. Bxf2 Ba6 15. Bxb6 axb6 16. Kf2 e4 17. Nd4 f5 18. g3 c5 19. Ne2 g5 20. h4 h6 21. hxg5 hxg5 22. Na3 Kg7 23. Rh1 Rh8 24. Rag1 Kf6 25. Ke3 Ke5 26. Kd2 d4 27. cxd4+ cxd4 28. Rxh8 Rxh8 29. b4 e3+ 30. Ke1 Bxe2 31. Kxe2 Rh2+ 32. Kd3 Rd2+ 33. Kc4 d5+ 34. Kb3 e2 35. Re1 d3 36. Kc3 Rd1 37. Nc2 0-1